00740nas a2200217Ia 4500001001100000003000900011008004100020040001300061040001300074041001300087100004500100210003700145222003700182245009300219250001100312260002600323501008600349300001700435362002700452650004300479R111/44666IT-RoPAU151124c99999999xx |||||||||||| ||und|| aIT-RoPAU cIT-RoPAU aITALIANO aBarilli RenatogCodice Aut. SPICS: 9544 aCOMUNICAZIONE DI MASSA (SUGARCO) aComunicazione Di Massa (Sugarco) aCOMUNICAZIONE DI MASSA (SUGARCO), ANNO 03-VOL.1 (1982)bMcluhan O Del Pensiero Sintetico a1a ed. aMILANObSUGARCOc1982 bPaulus - SPICS - Società San Paolo EM (non-commercial uses only)cCopyright2015 a6 p. [37-42] aANNO 003, VOL.1 (1982) aCOMUNICAZIONEvPUBBLICAZIONE PERIODICA